00838nam a2200217 a 450000100100000000500170001000800410002702000150006804000250008308200150010824501230012326000640024630000280031050000210033850400320035970000290039170000320042070000350045295201180048799900150060500000243520200929150208.0090702s1998 sp 001 0 spa d a8489384185 aDO-SdBNPbspacBNPHU axxxxbG94300aGuía práctica de la biblioteca escolar / :bCatherine Jordi ; traducción María Jesús Illescas ... [ et al.]. aMadrid :bFundación Germán Sánchez Ruipérez,c1998. a272 p. :bil. ;c25 cm. aIncluye índice aBibliografîa : p. 268-2710 aCaro, Carmen,etr.977040 aGarralón, Ana,etr.977050 aIllescas, María ,etr.97706 001052708MOaGRbGRcCTd2009-07-15iLF1l0oxxxx G943p2435-10r2020-06-25w2020-06-25y2ZPréstamo interno c2271d2271